00401 2200157 4500245004100000020002200041250001100063100001900074700001900093700002000112005001900132260004600151041001400197084000900211300002300220 aSuteru GijutsucNagisa TatsumihText a978-602-291-734-2 aCet. 1 aNagisa Tatsumi aReni Indardini aNurjannah Intan a20240909150049 aBandungbPenerbit Mizan Media Utamac2020 aIndonesia aNONE a134 hlm :c20,5 cm